Kaikki Veikkausliigassa pelanneet joukkueet - Statistics

Yleistilastot
  • Tätä visaa on pelattu 124 kertaa
  • Keskiarvotulos 27 / 42
Vastaustilastot
Paikkakunta Seura % Oikein
Helsinki HJK
97%
Kuopio KuPS
96%
Helsinki HIFK
95%
Rovaniemi RoPS
91%
Lahti FC Lahti
88%
Tampere Ilves
88%
Valkeakoski FC Haka
87%
Seinäjoki SJK
87%
Turku TPS
87%
Vaasa VPS
87%
Espoo FC Honka
86%
Turku FC Inter
86%
Oulu AC Oulu
84%
Kotka FC KTP
83%
Pietarsaari FF Jaro
82%
Pori FC Jazz
78%
Helsinki Gnistan
78%
Lahti Reipas
78%
Mikkeli MP
71%
Jyväskylä JJK
68%
Kokkola KPV
68%
Lahti Kuusysi
68%
Kouvola MYPA
68%
Maarianhamina IFK Mariehamn
66%
Tampere TamU
63%
Tampere TPV
58%
Helsinki Jokerit
57%
Helsinki PK-35
57%
Kemi PS Kemi
51%
Raasepori Ekenäs IF
50%
Tornio TP-47
49%
Helsinki Atlantis
38%
Hämeenlinna FC Hämeenlinna
36%
Helsinki FinnPa
34%
Helsinki Viikingit
34%
Oulu OTP
33%
Vantaa Allianssi
32%
Oulu FC Oulu
25%
Vantaa PK-35 Vantaa
25%
Kuusankoski Kumu
21%
Helsinki Ponnistus
17%
Seinäjoki TP-Seinäjoki
16%
Ehtoja vastaavia visoja ei löytynyt
Tulosjakauma
Jokaisen tuloksen saaneiden osuus
Persentiili vastausten määrän mukaan
Tuloshistoriasi
Et ole pelannut tätä visaa